Statistics for A level Human Geography Regeneration Key Terms

Click here to take the quiz!

General Stats

  • This quiz has been taken 35 times
  • The average score is 8 of 36

Answer Stats

HintAnswer% Correct
The process of improving a rural or urban area by making positive changesRegeneration
41%
Ways in which a brand or place is deliberatelyreinvented for economic reasonsRebranding
36%
Younger people will want to move to areas with good moneyBrain drain
32%
The decline in importance of the manufactoring industry in the economy of a nation or areaDeindustrialisation
32%
Producing food crops and raw materialsPrimary Sector
32%
Political engagement reduces as people become more removed from the centre of powerVoter Apathy
32%
Loyalty or devotion to a particular nation creating a patriotic senseNationalism
27%
Providing specialist services in finance and law or industries such as IT and biochemistryQuaternary Sector
27%
Knocking down derelict buildings and building new onesRedevelopment
27%
Being forced from their country because of war or natural disastersRefugee
27%
Explains associations or ways in which citizens have a common purpose of preserving and promoting public goodsCommunity Engagement
23%
The removal of government legislationDeregulation
23%
Extreme form of marginalisation. When people's access to services and opportunities are limitedExclusion
23%
The buying and renovation of establishments in deteriorated urban areas by upper or middle class families, raising property values but also displacing low income families and small companiesGentrification
23%
Socially, people or groups are pushed out to the edges of a placeMarginalisation
23%
Socially based, usually led by government and not looking to make profit (Type of investment)Public Sector Investment
23%
Consciousness of and loyalty to a distinct region or group of peopleRegionalism
23%
Manufactoring finished productsSecondary Sector
23%
Segregation within society that emerges from income inequality and economic restructuringSocial Polarisation
23%
Fleeing a country over fear of prosecutionAsylum Seeker
18%
The movement of people from urban areas to rural areas, usually caused by gentrificationCounter urbanisation
18%
Small areas which offer incentives to attract companies, such as tax discountsEnterprise Zones
18%
Overall measure of deprivationIMD
18%
The effect people have upon a location. A place is shaped by people, cultures and customsLocale
18%
Preference for ones own area or regionLocalism
18%
Lack of attachment to a place caused by the homogenizing effect of moderninityPlacelessness
18%
Assistance given to areas recognised by the EU as being disadvantagedRegional Aid
18%
Refers to feelings, beliefs and behaviours that humans associate with a placeSense of Place
18%
Analyses the value of social relationships and networks to societies and individualsSocial Capital
18%
A statistical test which examines the strength of a relationship between two variablesSpearman's Rank
18%
A population shift from central urban areas into suburbs, resulting in urban sprawlSuburbanisation
18%
Paying a reduced amount of tax or none at allTax breaks
18%
Voluntary, usually to seek employment and send home remittance paymentsEconomic migrant
14%
How a person perceives an areaLived experience
14%
Usually led by companies looking to make profit (Type of investment)Private Sector Investment
14%
Providing services, either in public, private or voluntary sectorsTertiary Sector
14%

Score Distribution

Percentile by Number Answered

Percent of People with Each Score

Your Score History

You have not taken this quiz